India 50 Years of Independence: (Record no. 187339)
[ view plain ]
| 000 -LEADER | |
|---|---|
| fixed length control field | 00905 a2200181 4500 |
| 003 - CONTROL NUMBER IDENTIFIER | |
| control field | NUST |
| 005 - DATE AND TIME OF LATEST TRANSACTION | |
| control field | 20230202124303.0 |
| 020 ## - INTERNATIONAL STANDARD BOOK NUMBER | |
| International Standard Book Number | 8171009190 |
| 040 ## - CATALOGING SOURCE | |
| Transcribing agency | Nust |
| 082 ## - DEWEY DECIMAL CLASSIFICATION NUMBER | |
| Classification number | 954,IND |
| 245 ## - TITLE STATEMENT | |
| Title | India 50 Years of Independence: |
| Remainder of title | Independence and Beyond the fifty Years; 1947-97 (VOL-2) / |
| Statement of responsibility, etc. | Edited by Verinder Grover, Ranjana Arora |
| 250 ## - EDITION STATEMENT | |
| Edition statement | The |
| 260 ## - PUBLICATION, DISTRIBUTION, ETC. | |
| Place of publication, distribution, etc. | India |
| Name of publisher, distributor, etc. | Deep & Deep Pub |
| Date of publication, distribution, etc. | 1997 |
| 300 ## - PHYSICAL DESCRIPTION | |
| Extent | 664:p.; |
| 505 ## - FORMATTED CONTENTS NOTE | |
| Formatted contents note | Part-1: India At Fifty (Page-3), Part-2: The Present Politics (Page-37), Part-3: Power to Women (Page-135), Part-4: Judicial Activism (Page-169), Part-5: Political Corruption (Page-219), Part-6: Terrorism (Page-281), Part-7: Secularism and Communalism (Page-315), Part-8: The Economic Reforms (Page-347), Part-9: New Opportunities in Kashmir (Page-427), Part-10: Foreign Policy CTBT SAARC and UNO (Page-469). |
| 650 ## - SUBJECT ADDED ENTRY--TOPICAL TERM | |
| Topical term or geographic name entry element | India |
| 9 (RLIN) | 25356 |
| 942 ## - ADDED ENTRY ELEMENTS (KOHA) | |
| Source of classification or shelving scheme | |
| Koha item type | Book |
| Call number prefix | 954,IND |
| Withdrawn status | Lost status | Source of classification or shelving scheme | Damaged status | Not for loan | Permanent Location | Current Location | Shelving location | Date acquired | Full call number | Barcode | Date last seen | Price effective from | Koha item type | Public note |
|---|---|---|---|---|---|---|---|---|---|---|---|---|---|---|
| Military College of Signals (MCS) | Military College of Signals (MCS) | General Stacks | 12/12/2016 | 954,IND | MCS27329 | 12/08/2016 | 12/12/2016 | Book | Almirah No.61, Shelf No.3 |
